| 000 | 01001naa a22003257a 4500 | ||
|---|---|---|---|
| 001 | BR7907147 | ||
| 003 | BR-BrBNA | ||
| 005 | 20240918174459.0 | ||
| 007 | ta | ||
| 008 | 230509b bl.||||| |||| 00| 0 por d | ||
| 040 |
_aBR-BrBNA _bpor _cBiblioteca Nacional de Agricultura |
||
| 041 | _a(Pt) | ||
| 072 |
_aL00 _b5212 _b5217 _b9702 |
||
| 090 | _aL00 BR7907147 | ||
| 100 | 1 | _aPicchi, V. | |
| 100 | 1 | _aFelicio, P.E. de | |
| 100 | 1 | _aCorte, O.O. | |
| 245 | 1 | _aSistematizacao da avaliacao final de bovinos e bubalinos. 2. Composicao corporal | |
| 260 | 3 |
_aAracatuba, SP (Brasil): _c1979. |
|
| 500 | _aAnais do encontro sobre bubalinos Aracatuba, SP (Brasil): 1979. p. 21-44 (BR7907147-AM)L00 | ||
| 650 | _aBOVINO | ||
| 650 | _aBUFALO | ||
| 650 | _aRACA | ||
| 650 | _aCARNE | ||
| 650 | _aABATE | ||
| 650 | _aCARCACA | ||
| 773 | 0 |
_tAnais do encontro sobre bubalinos _wL00 BR7907147 _gAracatuba, SP (Brasil), 1979. p. 21-44 |
|
| 909 |
_a202404 _bLucia _c55 _dLucia Elande |
||
| 942 |
_cAM _2AGRIS |
||
| 999 |
_c311530 _d311530 |
||